000 00449cam a2200145 4500500
005 20260329022729.0
041 _afre
042 _adc
100 1 0 _aBureau, Dominique
_eauthor
245 0 0 _aIntroduction
260 _c2005.
500 _a1
786 0 _nEconomie & prévision | o 167 | 1 | 2005-03-01 | p. 1-2 | 0249-4744
856 4 1 _uhttps://shs.cairn.info/journal-economie-et-prevision-1-2005-1-page-1?lang=en&redirect-ssocas=7080
999 _c1922206
_d1922206